The language of the hand, being a concise exposition of the principles and practice of the art of reading the hand (Record no. 55691)

MARC details
000 -LEADER
fixed length control field 00629nam a2200205Ia 4500
008 - FIXED-LENGTH DATA ELEMENTS--GENERAL INFORMATION
fixed length control field 191130s2004##################000#0#eng##
020 ## - INTERNATIONAL STANDARD BOOK NUMBER
ISBN 9788129200884
082 ## - DEWEY DECIMAL CLASSIFICATION NUMBER
Classification number 133.5 FIR
100 ## - MAIN ENTRY--AUTHOR NAME
Personal name Frith, Henry
245 ## - TITLE STATEMENT
Title The language of the hand, being a concise exposition of the principles and practice of the art of reading the hand
260 ## - PUBLICATION, DISTRIBUTION, ETC. (IMPRINT)
Place of publication New Delhi
Name of publisher Cosmo
Year of publication 2004
300 ## - PHYSICAL DESCRIPTION
Number of Pages 159 p. incl. front., illus., plates. 18 cm
650 ## - SUBJECT ADDED ENTRY--TOPICAL TERM
Topical Term Palmistry
700 ## - ADDED ENTRY--PERSONAL NAME
Personal name Heron-Allen, Edward
991 ## -
-- 172181
Holdings
Withdrawn status Lost status Damaged status Not for loan Home library Current library Shelving location Date acquired Full call number Accession Number Price effective from Koha item type
        Anna Centenary Library Anna Centenary Library 3RD FLOOR, A WING 09.10.2020 133.5 FIR 395512 09.10.2020 Books

Find us on the map